La Transición del capitalismo al comunismo /
Zapisane w:
| 1. autor: | |
|---|---|
| Kolejni autorzy: | |
| Format: | Texto |
| Wydane: |
Madrid:
Akal
|
| Etykiety: |
Dodaj etykietę
Nie ma etykietki, Dołącz pierwszą etykiete!
|
MARC
| LEADER | 00000 a a2200000 04500 | ||
|---|---|---|---|
| 001 | 22653 | ||
| 003 | |||
| 040 | |||
| 020 | |a 84-7339-336-8 | ||
| 090 | |a 155300 | ||
| 100 | |a Marx, Carlos | ||
| 245 | |a La Transición del capitalismo al comunismo / |c Carlos Marx | ||
| 260 | |a Madrid: |b Akal | ||
| 300 | |a 231 p. | ||
| 700 | |a Engels, Federico |a Lafargue, P. |a Luxemburgo, Rosa |a Lenin, Vladimir Ilich |a Trotsky, L. |a Bujarin, Nicolai I. |a Gorkin, J.G. |a comp | ||
| 999 | |c 3461 |d 3461 | ||



